| 000 | 00582nam a22002057a 4500 | ||
|---|---|---|---|
| 001 | BD-DhSAU 6448 | ||
| 003 | BD-DhSAU | ||
| 005 | 20150508174354.0 | ||
| 007 | heuamb---baca | ||
| 008 | 931126s1981 bg b 000 0 engo | ||
| 040 | _aBD-DhSAU | ||
| 082 |
_222 _a630.5492 _bAGR |
||
| 245 | 0 | 0 |
_aAgriculture in Bangladesh / _cEdited by A. M. Anisuzzaman |
| 260 |
_aBangladesh : _bBARC , _cc1981. |
||
| 300 |
_a95 p.: _bill. ; _c24 cm. |
||
| 590 | _aIMRAN | ||
| 650 | 0 |
_aAgriculture _zBangladesh. |
|
| 650 | 0 |
_aAgriculture _xEconomic aspects _zBangladesh. |
|
| 700 | _a Anisuzzaman, A. M. | ||
| 942 |
_2ddc _cBOOK |
||
| 999 |
_c6448 _d6448 |
||